Loading...

മാതൃപർവം /

Bibliographic Details
Main Author: രാധാകൃഷ്ണൻ, സി
Other Authors: Radhakrishnan, C.
Format: Printed Book
Published: Kochi: Hi-Tech Books, 2003.
Subjects:
LEADER 00596cam a2200157ua 4500
082 |a M894.812 3  |b RAD/M 
100 0 |a രാധാകൃഷ്ണൻ, സി. 
245 1 0 |a മാതൃപർവം /  
260 |a Kochi:  |b Hi-Tech Books,  |c 2003. 
300 |a 423p.. 
500 |a Chuzhali, Kaanalthullikal, Mrinalam, Verukal patarunna vazhikal. 
650 0 |a Mathruparvam   |a Malayalam- novel 
700 |a Radhakrishnan, C. 
942 |c BK 
999 |c 16102  |d 16102 
952 |0 0  |1 0  |4 0  |6 M_894_812000000000000_3_RAD  |7 0  |9 16784  |a KUCL  |b KUCL  |d 2014-05-23  |l 9  |o M894.812 3 RAD/  |p 15492  |r 2017-04-26  |s 2017-01-19  |w 2014-05-23  |y BK